Sports Quiz

Random Sports Quiz

LA Angels Category Leaders Quiz Stats

 Plays Quiz not verified by Sporcle

Challenge
Share
Tweet
Embed
Score 0/27 Timer 08:00
0 Plays Today
Category Leader % Correct
Hitters' Years with TeamGarret Anderson
93%
HitsGarret Anderson
93%
DoublesGarret Anderson
93%
Runs ScoredGarret Anderson
92.3%
At-BatsGarret Anderson
91.5%
Hitters' Games PlayedGarret Anderson
90.8%
Home RunsTim Salmon
85.9%
Hitters' WalksTim Salmon
76.8%
Hitters' StrikeoutsTim Salmon
76.1%
Stolen BasesChone Figgins
71.8%
Pitchers' StrikeoutsNolan Ryan
69.7%
SavesTroy Percival
66.9%
ShutoutsNolan Ryan
64.8%
Complete GamesNolan Ryan
63.4%
Category Leader % Correct
Pitchers' All-Star GamesNolan Ryan
63.4%
Slugging Average (3000 PA)Vladimir Guerrero
60.6%
Pitchers' Years with TeamChuck Finley
60.6%
WinsChuck Finley
59.9%
Batting Average (3000 PA)Vladimir Guerrero
59.2%
Pitchers' Games StartedChuck Finley
57.7%
Innings PitchedChuck Finley
57.7%
Hitters' All-Star GamesJim Fregosi
52.1%
Winning % (100 Decisions)Jered Weaver
47.9%
Pitchers' Games PlayedTroy Percival
46.5%
On-Base Percentage (3000 PA)Rod Carew
35.9%
TriplesJim Fregosi
28.9%
Earned Run Average (1000 IP)Dean Chance
14.1%

You're not logged in!

Compare scores with friends on all Sporcle quizzes.
OR
Log In

You Might Also Like...

Show Comments

Extras

Created Sep 23, 2009ReportNominate
Tags:angel, category, Los Angeles, total

Top Quizzes Today


Score Distribution

Your Account Isn't Verified!

In order to create a playlist on Sporcle, you need to verify the email address you used during registration. Go to your Sporcle Settings to finish the process.

Report this User

Report this user for behavior that violates our Community Guidelines.

Details: